<?xml version="1.0" encoding="UTF-8"?>
<collection xmlns="http://www.loc.gov/MARC21/slim">
 <record>
  <leader>07778cam a2201525   4500</leader>
  <controlfield tag="001">279774818</controlfield>
  <controlfield tag="003">DE-627</controlfield>
  <controlfield tag="005">20240916113513.0</controlfield>
  <controlfield tag="007">tu</controlfield>
  <controlfield tag="008">970913s1997    gw |||||      00| ||ger c</controlfield>
  <datafield tag="010" ind1=" " ind2=" ">
   <subfield code="a">   98128490 </subfield>
  </datafield>
  <datafield tag="015" ind1=" " ind2=" ">
   <subfield code="a">97,N39,0786</subfield>
   <subfield code="2">dnb</subfield>
  </datafield>
  <datafield tag="015" ind1=" " ind2=" ">
   <subfield code="a">98,A07,1221</subfield>
   <subfield code="2">dnb</subfield>
  </datafield>
  <datafield tag="016" ind1="7" ind2=" ">
   <subfield code="a">951399748</subfield>
   <subfield code="2">DE-101</subfield>
  </datafield>
  <datafield tag="020" ind1=" " ind2=" ">
   <subfield code="a">3406462588</subfield>
   <subfield code="c"> : €14.90 (Sonderausg.)</subfield>
   <subfield code="9">3-406-46258-8</subfield>
  </datafield>
  <datafield tag="020" ind1=" " ind2=" ">
   <subfield code="a">3406428010</subfield>
   <subfield code="c"> : DM 178.00 (Gewebe)</subfield>
   <subfield code="9">3-406-42801-0</subfield>
  </datafield>
  <datafield tag="035" ind1=" " ind2=" ">
   <subfield code="a">(DE-627)279774818</subfield>
  </datafield>
  <datafield tag="035" ind1=" " ind2=" ">
   <subfield code="a">(DE-576)061634484</subfield>
  </datafield>
  <datafield tag="035" ind1=" " ind2=" ">
   <subfield code="a">(DE-599)GBV279774818</subfield>
  </datafield>
  <datafield tag="035" ind1=" " ind2=" ">
   <subfield code="a">(OCoLC)243869137</subfield>
  </datafield>
  <datafield tag="035" ind1=" " ind2=" ">
   <subfield code="a">(OCoLC)38288213</subfield>
  </datafield>
  <datafield tag="035" ind1=" " ind2=" ">
   <subfield code="a">(OCoLC)243869137</subfield>
  </datafield>
  <datafield tag="040" ind1=" " ind2=" ">
   <subfield code="a">DE-627</subfield>
   <subfield code="b">ger</subfield>
   <subfield code="c">DE-627</subfield>
   <subfield code="e">rda</subfield>
  </datafield>
  <datafield tag="041" ind1=" " ind2=" ">
   <subfield code="a">ger</subfield>
  </datafield>
  <datafield tag="044" ind1=" " ind2=" ">
   <subfield code="c">XA-DE</subfield>
  </datafield>
  <datafield tag="050" ind1=" " ind2="0">
   <subfield code="a">N6374</subfield>
  </datafield>
  <datafield tag="082" ind1="0" ind2=" ">
   <subfield code="a">2</subfield>
  </datafield>
  <datafield tag="082" ind1="0" ind2=" ">
   <subfield code="a">704.948</subfield>
  </datafield>
  <datafield tag="082" ind1="0" ind2=" ">
   <subfield code="a">704.948 2</subfield>
  </datafield>
  <datafield tag="082" ind1="0" ind2="4">
   <subfield code="a">12</subfield>
   <subfield code="q">dnb</subfield>
  </datafield>
  <datafield tag="084" ind1=" " ind2=" ">
   <subfield code="a">KU 775</subfield>
   <subfield code="a">KU 775 RAF</subfield>
   <subfield code="a">REL 513</subfield>
   <subfield code="a">REL 542</subfield>
   <subfield code="2">sfb</subfield>
  </datafield>
  <datafield tag="084" ind1=" " ind2=" ">
   <subfield code="a">46</subfield>
   <subfield code="2">sdnb</subfield>
  </datafield>
  <datafield tag="084" ind1=" " ind2=" ">
   <subfield code="a">46</subfield>
   <subfield code="a">12</subfield>
   <subfield code="2">sdnb</subfield>
  </datafield>
  <datafield tag="084" ind1=" " ind2=" ">
   <subfield code="a">9,10</subfield>
   <subfield code="a">1</subfield>
   <subfield code="2">ssgn</subfield>
  </datafield>
  <datafield tag="084" ind1=" " ind2=" ">
   <subfield code="a">LN 10250</subfield>
   <subfield code="2">rvk</subfield>
   <subfield code="0">(DE-625)rvk/101870:</subfield>
  </datafield>
  <datafield tag="084" ind1=" " ind2=" ">
   <subfield code="a">LI 70106</subfield>
   <subfield code="2">rvk</subfield>
   <subfield code="0">(DE-625)rvk/96898:13284</subfield>
  </datafield>
  <datafield tag="084" ind1=" " ind2=" ">
   <subfield code="a">NN 1580</subfield>
   <subfield code="2">rvk</subfield>
   <subfield code="0">(DE-625)rvk/126559:</subfield>
  </datafield>
  <datafield tag="084" ind1=" " ind2=" ">
   <subfield code="a">NN 1595</subfield>
   <subfield code="2">rvk</subfield>
   <subfield code="0">(DE-625)rvk/126563:</subfield>
  </datafield>
  <datafield tag="084" ind1=" " ind2=" ">
   <subfield code="a">LN 10520</subfield>
   <subfield code="2">rvk</subfield>
   <subfield code="0">(DE-625)rvk/101886:2</subfield>
  </datafield>
  <datafield tag="084" ind1=" " ind2=" ">
   <subfield code="a">20.07</subfield>
   <subfield code="2">bkl</subfield>
  </datafield>
  <datafield tag="084" ind1=" " ind2=" ">
   <subfield code="a">20.21</subfield>
   <subfield code="2">bkl</subfield>
  </datafield>
  <datafield tag="084" ind1=" " ind2=" ">
   <subfield code="a">20.26</subfield>
   <subfield code="2">bkl</subfield>
  </datafield>
  <datafield tag="084" ind1=" " ind2=" ">
   <subfield code="a">15.34</subfield>
   <subfield code="2">bkl</subfield>
  </datafield>
  <datafield tag="084" ind1=" " ind2=" ">
   <subfield code="a">20.05</subfield>
   <subfield code="2">bkl</subfield>
  </datafield>
  <datafield tag="084" ind1=" " ind2=" ">
   <subfield code="a">20.70</subfield>
   <subfield code="2">bkl</subfield>
  </datafield>
  <datafield tag="084" ind1=" " ind2=" ">
   <subfield code="a">11.50</subfield>
   <subfield code="2">bkl</subfield>
  </datafield>
  <datafield tag="084" ind1=" " ind2=" ">
   <subfield code="a">11.00</subfield>
   <subfield code="2">bkl</subfield>
  </datafield>
  <datafield tag="090" ind1=" " ind2=" ">
   <subfield code="a">a</subfield>
  </datafield>
  <datafield tag="100" ind1="1" ind2=" ">
   <subfield code="a">Traeger, Jörg</subfield>
   <subfield code="d">1942-2005</subfield>
   <subfield code="e">VerfasserIn</subfield>
   <subfield code="0">(DE-588)119041553</subfield>
   <subfield code="0">(DE-627)079831087</subfield>
   <subfield code="0">(DE-576)210818018</subfield>
   <subfield code="4">aut</subfield>
  </datafield>
  <datafield tag="245" ind1="1" ind2="0">
   <subfield code="a">Renaissance und Religion</subfield>
   <subfield code="b">die Kunst des Glaubens im Zeitalter Raphaels</subfield>
   <subfield code="c">Jörg Traeger</subfield>
  </datafield>
  <datafield tag="264" ind1=" " ind2="1">
   <subfield code="a">München</subfield>
   <subfield code="b">Verlag C. H. Beck</subfield>
   <subfield code="c">1997</subfield>
  </datafield>
  <datafield tag="300" ind1=" " ind2=" ">
   <subfield code="a">552 Seiten</subfield>
   <subfield code="b">Illustrationen, Diagramme</subfield>
   <subfield code="c">25 cm</subfield>
  </datafield>
  <datafield tag="336" ind1=" " ind2=" ">
   <subfield code="a">Text</subfield>
   <subfield code="b">txt</subfield>
   <subfield code="2">rdacontent</subfield>
  </datafield>
  <datafield tag="337" ind1=" " ind2=" ">
   <subfield code="a">ohne Hilfsmittel zu benutzen</subfield>
   <subfield code="b">n</subfield>
   <subfield code="2">rdamedia</subfield>
  </datafield>
  <datafield tag="338" ind1=" " ind2=" ">
   <subfield code="a">Band</subfield>
   <subfield code="b">nc</subfield>
   <subfield code="2">rdacarrier</subfield>
  </datafield>
  <datafield tag="500" ind1=" " ind2=" ">
   <subfield code="a">Literaturverzeichnis: Seiten 495 - 520</subfield>
  </datafield>
  <datafield tag="520" ind1=" " ind2=" ">
   <subfield code="a">Ausgehend von einem der berühmtesten Gemälde der Hochrenaissance, Raphaels Verlobung Mariens, erschließt Traeger die Dimension der Kunst sowie der Lebens- und Glaubenswirklichkeit dieser Epoche. Eine gründliche Korrektur der bisherigen Vorstellung vom heidnischen Charakter der Renaissance.</subfield>
  </datafield>
  <datafield tag="583" ind1="1" ind2=" ">
   <subfield code="a">Archivierung/Langzeitarchivierung gewährleistet</subfield>
   <subfield code="f">SSG</subfield>
   <subfield code="x">XA-DE-BW</subfield>
   <subfield code="2">pdager</subfield>
   <subfield code="5">DE-21</subfield>
  </datafield>
  <datafield tag="583" ind1="1" ind2=" ">
   <subfield code="a">Archivierung/Langzeitarchivierung gewährleistet</subfield>
   <subfield code="f">SSG</subfield>
   <subfield code="x">XA-DE-BW</subfield>
   <subfield code="2">pdager</subfield>
   <subfield code="5">DE-16</subfield>
  </datafield>
  <datafield tag="600" ind1="1" ind2="0">
   <subfield code="a">Raphael</subfield>
   <subfield code="d">1483-1520</subfield>
   <subfield code="x">Criticism and interpretation</subfield>
  </datafield>
  <datafield tag="650" ind1=" " ind2="0">
   <subfield code="a">Art, Renaissance</subfield>
  </datafield>
  <datafield tag="650" ind1=" " ind2="0">
   <subfield code="a">Christian art and symbolism</subfield>
   <subfield code="y">Renaissance, 1450-1600</subfield>
  </datafield>
  <datafield tag="650" ind1=" " ind2="0">
   <subfield code="a">Art and religion</subfield>
  </datafield>
  <datafield tag="650" ind1=" " ind2="0">
   <subfield code="a">Art, Italian</subfield>
  </datafield>
  <datafield tag="689" ind1="0" ind2="0">
   <subfield code="d">u</subfield>
   <subfield code="0">(DE-588)4483808-6</subfield>
   <subfield code="0">(DE-627)239122771</subfield>
   <subfield code="0">(DE-576)212907743</subfield>
   <subfield code="a">Raffael</subfield>
   <subfield code="d">1483-1520</subfield>
   <subfield code="t">Sposalizio</subfield>
   <subfield code="2">gnd</subfield>
  </datafield>
  <datafield tag="689" ind1="0" ind2=" ">
   <subfield code="5">DE-101</subfield>
  </datafield>
  <datafield tag="689" ind1="1" ind2="0">
   <subfield code="d">s</subfield>
   <subfield code="0">(DE-588)4049450-0</subfield>
   <subfield code="0">(DE-627)104117257</subfield>
   <subfield code="0">(DE-576)209082151</subfield>
   <subfield code="a">Renaissance</subfield>
   <subfield code="2">gnd</subfield>
  </datafield>
  <datafield tag="689" ind1="1" ind2="1">
   <subfield code="d">s</subfield>
   <subfield code="0">(DE-588)4010109-5</subfield>
   <subfield code="0">(DE-627)106359770</subfield>
   <subfield code="0">(DE-576)20888596X</subfield>
   <subfield code="a">Christliche Kunst</subfield>
   <subfield code="2">gnd</subfield>
  </datafield>
  <datafield tag="689" ind1="1" ind2="2">
   <subfield code="d">s</subfield>
   <subfield code="0">(DE-588)4001307-8</subfield>
   <subfield code="0">(DE-627)106397591</subfield>
   <subfield code="0">(DE-576)20884225X</subfield>
   <subfield code="a">Alltag</subfield>
   <subfield code="2">gnd</subfield>
  </datafield>
  <datafield tag="689" ind1="1" ind2="3">
   <subfield code="d">s</subfield>
   <subfield code="0">(DE-588)4049428-7</subfield>
   <subfield code="0">(DE-627)10618704X</subfield>
   <subfield code="0">(DE-576)209082011</subfield>
   <subfield code="a">Religiosität</subfield>
   <subfield code="2">gnd</subfield>
  </datafield>
  <datafield tag="689" ind1="1" ind2="4">
   <subfield code="d">g</subfield>
   <subfield code="0">(DE-588)4027833-5</subfield>
   <subfield code="0">(DE-627)106283235</subfield>
   <subfield code="0">(DE-576)208972501</subfield>
   <subfield code="a">Italien</subfield>
   <subfield code="2">gnd</subfield>
  </datafield>
  <datafield tag="689" ind1="1" ind2=" ">
   <subfield code="5">DE-101</subfield>
  </datafield>
  <datafield tag="689" ind1="2" ind2="0">
   <subfield code="d">g</subfield>
   <subfield code="0">(DE-588)4027833-5</subfield>
   <subfield code="0">(DE-627)106283235</subfield>
   <subfield code="0">(DE-576)208972501</subfield>
   <subfield code="a">Italien</subfield>
   <subfield code="2">gnd</subfield>
  </datafield>
  <datafield tag="689" ind1="2" ind2="1">
   <subfield code="d">s</subfield>
   <subfield code="0">(DE-588)4010109-5</subfield>
   <subfield code="0">(DE-627)106359770</subfield>
   <subfield code="0">(DE-576)20888596X</subfield>
   <subfield code="a">Christliche Kunst</subfield>
   <subfield code="2">gnd</subfield>
  </datafield>
  <datafield tag="689" ind1="2" ind2="2">
   <subfield code="d">s</subfield>
   <subfield code="0">(DE-588)4001307-8</subfield>
   <subfield code="0">(DE-627)106397591</subfield>
   <subfield code="0">(DE-576)20884225X</subfield>
   <subfield code="a">Alltag</subfield>
   <subfield code="2">gnd</subfield>
  </datafield>
  <datafield tag="689" ind1="2" ind2="3">
   <subfield code="d">s</subfield>
   <subfield code="0">(DE-588)4049428-7</subfield>
   <subfield code="0">(DE-627)10618704X</subfield>
   <subfield code="0">(DE-576)209082011</subfield>
   <subfield code="a">Religiosität</subfield>
   <subfield code="2">gnd</subfield>
  </datafield>
  <datafield tag="689" ind1="2" ind2="4">
   <subfield code="a">z</subfield>
   <subfield code="2">gnd</subfield>
   <subfield code="a">Geschichte 1420-1600</subfield>
  </datafield>
  <datafield tag="689" ind1="2" ind2=" ">
   <subfield code="5">DE-101</subfield>
  </datafield>
  <datafield tag="689" ind1="3" ind2="0">
   <subfield code="d">u</subfield>
   <subfield code="0">(DE-588)4483808-6</subfield>
   <subfield code="0">(DE-627)239122771</subfield>
   <subfield code="0">(DE-576)212907743</subfield>
   <subfield code="a">Raffael</subfield>
   <subfield code="d">1483-1520</subfield>
   <subfield code="t">Sposalizio</subfield>
   <subfield code="2">gnd</subfield>
  </datafield>
  <datafield tag="689" ind1="3" ind2=" ">
   <subfield code="5">(DE-627)</subfield>
  </datafield>
  <datafield tag="689" ind1="4" ind2="0">
   <subfield code="d">s</subfield>
   <subfield code="0">(DE-588)4049450-0</subfield>
   <subfield code="0">(DE-627)104117257</subfield>
   <subfield code="0">(DE-576)209082151</subfield>
   <subfield code="a">Renaissance</subfield>
   <subfield code="2">gnd</subfield>
  </datafield>
  <datafield tag="689" ind1="4" ind2="1">
   <subfield code="d">s</subfield>
   <subfield code="0">(DE-588)4010109-5</subfield>
   <subfield code="0">(DE-627)106359770</subfield>
   <subfield code="0">(DE-576)20888596X</subfield>
   <subfield code="a">Christliche Kunst</subfield>
   <subfield code="2">gnd</subfield>
  </datafield>
  <datafield tag="689" ind1="4" ind2="2">
   <subfield code="d">s</subfield>
   <subfield code="0">(DE-588)4001307-8</subfield>
   <subfield code="0">(DE-627)106397591</subfield>
   <subfield code="0">(DE-576)20884225X</subfield>
   <subfield code="a">Alltag</subfield>
   <subfield code="2">gnd</subfield>
  </datafield>
  <datafield tag="689" ind1="4" ind2="3">
   <subfield code="d">s</subfield>
   <subfield code="0">(DE-588)4049428-7</subfield>
   <subfield code="0">(DE-627)10618704X</subfield>
   <subfield code="0">(DE-576)209082011</subfield>
   <subfield code="a">Religiosität</subfield>
   <subfield code="2">gnd</subfield>
  </datafield>
  <datafield tag="689" ind1="4" ind2="4">
   <subfield code="d">g</subfield>
   <subfield code="0">(DE-588)4027833-5</subfield>
   <subfield code="0">(DE-627)106283235</subfield>
   <subfield code="0">(DE-576)208972501</subfield>
   <subfield code="a">Italien</subfield>
   <subfield code="2">gnd</subfield>
  </datafield>
  <datafield tag="689" ind1="4" ind2=" ">
   <subfield code="5">(DE-627)</subfield>
  </datafield>
  <datafield tag="689" ind1="5" ind2="0">
   <subfield code="a">z</subfield>
   <subfield code="2">gnd</subfield>
   <subfield code="a">Geschichte 1420-1600</subfield>
  </datafield>
  <datafield tag="689" ind1="5" ind2=" ">
   <subfield code="5">(DE-627)</subfield>
  </datafield>
  <datafield tag="787" ind1="0" ind2="8">
   <subfield code="i">Rezensiert in</subfield>
   <subfield code="a">Krems, Eva-Bettina</subfield>
   <subfield code="t">[Rezension von: Traeger, Jorg, Renaissance und Religion: Die Kunst des Glaubens im Zeitalter Raphaels]</subfield>
   <subfield code="d">1999</subfield>
   <subfield code="w">(DE-627)1802362770</subfield>
  </datafield>
  <datafield tag="787" ind1="0" ind2="8">
   <subfield code="i">Rezensiert in</subfield>
   <subfield code="a">Frings, Marcus, 1964 - </subfield>
   <subfield code="t">[Rezension von: Jörg Traeger, Renaissance und Religion]</subfield>
   <subfield code="d">1999</subfield>
   <subfield code="w">(DE-627)1539214486</subfield>
   <subfield code="w">(DE-576)469214481</subfield>
  </datafield>
  <datafield tag="856" ind1="4" ind2="2">
   <subfield code="u">http://bvbr.bib-bvb.de:8991/F?func=service&amp;doc_library=BVB01&amp;doc_number=007763764&amp;line_number=0001&amp;func_code=DB_RECORDS&amp;service_type=MEDIA</subfield>
   <subfield code="m">V:DE-604</subfield>
   <subfield code="q">application/pdf</subfield>
   <subfield code="v">20090731000000</subfield>
   <subfield code="3">Inhaltsverzeichnis</subfield>
  </datafield>
  <datafield tag="889" ind1=" " ind2=" ">
   <subfield code="w">(DE-627)234156295</subfield>
  </datafield>
  <datafield tag="935" ind1=" " ind2=" ">
   <subfield code="a">mteo</subfield>
   <subfield code="a">JALB</subfield>
  </datafield>
  <datafield tag="935" ind1=" " ind2=" ">
   <subfield code="i">mdedup</subfield>
  </datafield>
  <datafield tag="935" ind1=" " ind2=" ">
   <subfield code="i">sf</subfield>
  </datafield>
  <datafield tag="935" ind1=" " ind2=" ">
   <subfield code="i">Blocktest</subfield>
  </datafield>
  <datafield tag="936" ind1="r" ind2="v">
   <subfield code="a">LN 10250</subfield>
   <subfield code="b">Hochrenaissance (und Renaissance allgemein)</subfield>
   <subfield code="k">Kunstgeschichte</subfield>
   <subfield code="k">Kunst nach Ländern bzw. Kontinenten</subfield>
   <subfield code="k">Italien</subfield>
   <subfield code="k">Italienische Kunstgeschichte einzelner Epochen</subfield>
   <subfield code="k">Hochrenaissance (und Renaissance allgemein)</subfield>
   <subfield code="0">(DE-627)1270637770</subfield>
   <subfield code="0">(DE-625)rvk/101870:</subfield>
   <subfield code="0">(DE-576)200637770</subfield>
  </datafield>
  <datafield tag="936" ind1="r" ind2="v">
   <subfield code="a">LI 70106</subfield>
   <subfield code="b">der Künstler als Maler</subfield>
   <subfield code="k">Kunstgeschichte</subfield>
   <subfield code="k">Künstler-Monografien</subfield>
   <subfield code="k">Alphabetische Künstlerliste</subfield>
   <subfield code="k">Künstler R</subfield>
   <subfield code="k">Raffaello Santi (bis 70110)</subfield>
   <subfield code="k">der Künstler als Maler</subfield>
   <subfield code="0">(DE-627)1271720868</subfield>
   <subfield code="0">(DE-625)rvk/96898:13284</subfield>
   <subfield code="0">(DE-576)201720868</subfield>
  </datafield>
  <datafield tag="936" ind1="r" ind2="v">
   <subfield code="a">NN 1580</subfield>
   <subfield code="b">Darstellungen</subfield>
   <subfield code="k">Geschichte</subfield>
   <subfield code="k">Neuere Geschichte</subfield>
   <subfield code="k">Zeitalter der Entdeckungen und der Glaubensspaltung (bis 1648)</subfield>
   <subfield code="k">Renaissance und Humanismus</subfield>
   <subfield code="k">Darstellungen</subfield>
   <subfield code="0">(DE-627)1271007312</subfield>
   <subfield code="0">(DE-625)rvk/126559:</subfield>
   <subfield code="0">(DE-576)201007312</subfield>
  </datafield>
  <datafield tag="936" ind1="r" ind2="v">
   <subfield code="a">NN 1595</subfield>
   <subfield code="b">Darstellungen</subfield>
   <subfield code="k">Geschichte</subfield>
   <subfield code="k">Neuere Geschichte</subfield>
   <subfield code="k">Zeitalter der Entdeckungen und der Glaubensspaltung (bis 1648)</subfield>
   <subfield code="k">Renaissance und Humanismus</subfield>
   <subfield code="k">Italien</subfield>
   <subfield code="k">Darstellungen</subfield>
   <subfield code="0">(DE-627)1271464624</subfield>
   <subfield code="0">(DE-625)rvk/126563:</subfield>
   <subfield code="0">(DE-576)201464624</subfield>
  </datafield>
  <datafield tag="936" ind1="r" ind2="v">
   <subfield code="a">LN 10520</subfield>
   <subfield code="b">allgemein</subfield>
   <subfield code="k">Kunstgeschichte</subfield>
   <subfield code="k">Kunst nach Ländern bzw. Kontinenten</subfield>
   <subfield code="k">Italien</subfield>
   <subfield code="k">Italienische Kunstgeschichte nach Landschaften</subfield>
   <subfield code="k">Toscana</subfield>
   <subfield code="k">allgemein</subfield>
   <subfield code="0">(DE-627)1270637843</subfield>
   <subfield code="0">(DE-625)rvk/101886:2</subfield>
   <subfield code="0">(DE-576)200637843</subfield>
  </datafield>
  <datafield tag="936" ind1="b" ind2="k">
   <subfield code="a">20.07</subfield>
   <subfield code="j">Kunstkritik</subfield>
   <subfield code="j">Kunstinterpretation</subfield>
   <subfield code="0">(DE-627)106406280</subfield>
  </datafield>
  <datafield tag="936" ind1="b" ind2="k">
   <subfield code="a">20.21</subfield>
   <subfield code="j">Religion</subfield>
   <subfield code="j">Magie</subfield>
   <subfield code="x">Ikonographie</subfield>
   <subfield code="0">(DE-627)106406353</subfield>
  </datafield>
  <datafield tag="936" ind1="b" ind2="k">
   <subfield code="a">20.26</subfield>
   <subfield code="j">Geschichte</subfield>
   <subfield code="x">Ikonographie</subfield>
   <subfield code="0">(DE-627)106423630</subfield>
  </datafield>
  <datafield tag="936" ind1="b" ind2="k">
   <subfield code="a">15.34</subfield>
   <subfield code="j">Europäische Geschichte 1492-1789</subfield>
   <subfield code="0">(DE-627)181569574</subfield>
  </datafield>
  <datafield tag="936" ind1="b" ind2="k">
   <subfield code="a">20.05</subfield>
   <subfield code="j">Kunst in Beziehung zu anderen Wissenschaftsgebieten</subfield>
   <subfield code="0">(DE-627)106415824</subfield>
  </datafield>
  <datafield tag="936" ind1="b" ind2="k">
   <subfield code="a">20.70</subfield>
   <subfield code="j">Europäische Kunst: Allgemeines</subfield>
   <subfield code="0">(DE-627)106406566</subfield>
  </datafield>
  <datafield tag="936" ind1="b" ind2="k">
   <subfield code="a">11.50</subfield>
   <subfield code="j">Kirchengeschichte</subfield>
   <subfield code="j">Dogmengeschichte</subfield>
   <subfield code="0">(DE-627)106403877</subfield>
  </datafield>
  <datafield tag="936" ind1="b" ind2="k">
   <subfield code="a">11.00</subfield>
   <subfield code="j">Theologie</subfield>
   <subfield code="j">Religionswissenschaft: Allgemeines</subfield>
   <subfield code="q">coli-conc NSK-&gt;BK</subfield>
   <subfield code="q">https://coli-conc.gbv.de/api/mappings/f84af606-91a3-411d-b6bd-06d818fa3caf</subfield>
   <subfield code="0">(DE-627)106415271</subfield>
  </datafield>
  <datafield tag="951" ind1=" " ind2=" ">
   <subfield code="a">BO</subfield>
  </datafield>
  <datafield tag="990" ind1=" " ind2=" ">
   <subfield code="a">Raffael / Sposalizio</subfield>
  </datafield>
  <datafield tag="990" ind1=" " ind2=" ">
   <subfield code="a">Renaissance</subfield>
  </datafield>
  <datafield tag="990" ind1=" " ind2=" ">
   <subfield code="a">Christliche Kunst</subfield>
  </datafield>
  <datafield tag="990" ind1=" " ind2=" ">
   <subfield code="a">Alltag</subfield>
  </datafield>
  <datafield tag="990" ind1=" " ind2=" ">
   <subfield code="a">Religiosität</subfield>
  </datafield>
  <datafield tag="990" ind1=" " ind2=" ">
   <subfield code="a">Italien</subfield>
  </datafield>
  <datafield tag="990" ind1=" " ind2=" ">
   <subfield code="a">Italien</subfield>
  </datafield>
  <datafield tag="990" ind1=" " ind2=" ">
   <subfield code="a">Christliche Kunst</subfield>
  </datafield>
  <datafield tag="990" ind1=" " ind2=" ">
   <subfield code="a">Alltag</subfield>
  </datafield>
  <datafield tag="990" ind1=" " ind2=" ">
   <subfield code="a">Religiosität</subfield>
  </datafield>
  <datafield tag="990" ind1=" " ind2=" ">
   <subfield code="a">Geschichte 1420-1600</subfield>
  </datafield>
  <datafield tag="990" ind1=" " ind2=" ">
   <subfield code="a">Raffael / Sposalizio</subfield>
  </datafield>
  <datafield tag="990" ind1=" " ind2=" ">
   <subfield code="a">Renaissance</subfield>
  </datafield>
  <datafield tag="990" ind1=" " ind2=" ">
   <subfield code="a">Christliche Kunst</subfield>
  </datafield>
  <datafield tag="990" ind1=" " ind2=" ">
   <subfield code="a">Alltag</subfield>
  </datafield>
  <datafield tag="990" ind1=" " ind2=" ">
   <subfield code="a">Religiosität</subfield>
  </datafield>
  <datafield tag="990" ind1=" " ind2=" ">
   <subfield code="a">Italien</subfield>
  </datafield>
  <datafield tag="990" ind1=" " ind2=" ">
   <subfield code="a">Geschichte 1420-1600</subfield>
  </datafield>
  <datafield tag="991" ind1=" " ind2=" ">
   <subfield code="a">Rezensiertes Werk</subfield>
  </datafield>
  <datafield tag="999" ind1=" " ind2=" ">
   <subfield code="a">KXP-PPN279774818</subfield>
   <subfield code="e">4020934649</subfield>
  </datafield>
 </record>
</collection>
